The Bahama Islands, a history and catalogue of the handstamps and cancellations, 1802-1967 (Record no. 468)

000 -LEADER
fixed length control field 00507nam a22001697a 4500
003 - CONTROL NUMBER IDENTIFIER
control field OSt
008 - FIXED-LENGTH DATA ELEMENTS--GENERAL INFORMATION
fixed length control field 140321b xxu||||| |||| 00| 0 eng d
041 ## - LANGUAGE CODE
Language code of text/sound track or separate title eng
100 1# - MAIN ENTRY--PERSONAL NAME
Personal name Ludington, M.H. (Morris Hoadley)
245 10 - TITLE STATEMENT
Title The Bahama Islands, a history and catalogue of the handstamps and cancellations, 1802-1967
260 ## - PUBLICATION, DISTRIBUTION, ETC. (IMPRINT)
Place of publication, distribution, etc. London
Name of publisher, distributor, etc. Robson Lowe Ltd.
300 ## - PHYSICAL DESCRIPTION
Extent 66 pages
650 #0 - SUBJECT ADDED ENTRY--TOPICAL TERM
Topical term or geographic name as entry element Bahamas
650 #0 - SUBJECT ADDED ENTRY--TOPICAL TERM
Topical term or geographic name as entry element British Colonies
650 #0 - SUBJECT ADDED ENTRY--TOPICAL TERM
Topical term or geographic name as entry element Postal Markings
650 #0 - SUBJECT ADDED ENTRY--TOPICAL TERM
Topical term or geographic name as entry element Postal History Catalogs and Price Lists
Holdings
Withdrawn status Lost status Source of classification or shelving scheme Materials specified (bound volume or other part) Damaged status Not for loan Collection code Permanent Location Current Location Date acquired Full call number Barcode Date last seen Copy number Price effective from Koha item type
      Hard Cover     Richard Drews Northern Philatelic Library Northern Philatelic Library 03/21/2014 G7650 .P857 L944 1000609 06/27/2015 1 06/27/2015 Books

Powered by Koha